| 000 | 00834nam a2200241 a 4500 | ||
|---|---|---|---|
| 001 | 44236 | ||
| 003 | BD-RjUL | ||
| 005 | 20211209053824.0 | ||
| 008 | 160716s1974 bg ||||| |||| 00| 0 ben d | ||
| 035 | _a(BD-RjUL)44354 | ||
| 040 |
_aBD-RjUL _bben _cBD-RjUL _dBD-RjUL |
||
| 041 | _aben | ||
| 082 |
_223 _a336.24 _bNUA 1974 |
||
| 100 |
_aনুরুন্নবী, এম _9135832 |
||
| 245 | 1 | 0 |
_aআয়কর আইন = (Income-tax law) / _cএম নুরুন্নবী |
| 250 | _a২য় সং. | ||
| 260 |
_aরাজশাহী : _bবেগম গুলশান আরা, _c১৯৭৪ |
||
| 300 |
_avi, ২৯৮ পৃ. ; _c২১ সেমি. |
||
| 500 | _a(1974-75 পর্যন্ত সংশোধিত) | ||
| 650 |
_aআয়কর _9135833 |
||
| 650 |
_aIncome taxes _9135834 |
||
| 942 |
_2ddc _cBK |
||
| 999 |
_c44236 _d44236 |
||